Introducción al conocimiento científico

Kaydedildi:
Detaylı Bibliyografya
Asıl Yazarlar: Guibourg, Ricardo A, Ghigliani, Alejandro M (Yazar), Guarinoni, Ricardo V (Yazar)
Materyal Türü: Kitap
Dil:İspanyolca
Baskı/Yayın Bilgisi: Buenos Aires EUDEBA 1995
Edisyon:2a. ed
Konular:
Etiketler: Etiketle
Etiket eklenmemiş, İlk siz ekleyin!

MARC

LEADER 00000nam a2200000 a 4500
001 UCO1951
003 CL-VaPUC
008 000525e19950000AG |||||||||||||||||spa|d
082 0 4 |a 501  |b GUI  |2 21 
100 |a Guibourg, Ricardo A  |9 608543 
700 0 |a Ghigliani, Alejandro M  |e author  |9 444507 
700 0 |a Guarinoni, Ricardo V  |e author  |9 444508 
245 1 0 |a Introducción al conocimiento científico 
250 |a 2a. ed 
300 |a 212 p 
942 |c BK 
945 |d 20000525 00:00:00  |a vberengu 
260 |a Buenos Aires  |b EUDEBA  |c 1995 
650 0 |a Ciencia  |9 255691 
650 0 |a Conocimientos  |9 375892 
650 0 |a Conocimiento científico  |9 420542 
650 7 |a LENGUAJES  |2 CL-VaPUC  |9 378557 
650 7 |a METODO INDUCTIVO  |2 CL-VaPUC  |9 394416 
583 |a last modification  |c 20000525 00:00:00  |k Rodrigo Vera 
999 |c 288501  |d 288499 
952 |0 0  |1 0  |4 0  |6 501_000000000000000_GUI_1995  |7 0  |8 A  |9 336199  |a BIBMAT  |b BIBMAT  |d 2019-11-20  |i 3576752  |o 501 GUI 1995  |p 3576752  |r 2025-01-07  |w 2019-11-20  |y BK  |k MAT